[Event "Migoya Memorial tt"]
[Site "Camaguey"]
[Date "2018.09.25"]
[Round "5.3"]
[White "Perez Marimon, Jorge De Jesus"]
[Black "Chavez Estevez, Hayler David"]
[Result "0-1"]
[WhiteElo "2239"]
[BlackElo "2249"]
[PlyCount "66"]
[EventDate "2018.09.20"]
[EventType "team-tourn"]
[EventRounds "10"]
[EventCountry "CUB"]
[SourceTitle "EXT 2021"]
[Source "ChessBase"]
[SourceDate "2020.10.23"]
[SourceVersion "1"]
[SourceVersionDate "2020.10.23"]
[SourceQuality "1"]

1. e4 d6 2. d4 g6 3. Nc3 Bg7 4. Be3 Nd7 5. Nf3 a6 6. Bc4 e6 7. a4 c6 8. Qd2 h6 9. 0-0 d5 10. Bd3 Ne7 11. Rfe1 Nf6 12. e5 Nd7 13. b4 a5 14. b5 c5 15. dxc5 Nxe5 16. Nxe5 Bxe5 17. Bf4 Bg7 18. Bd6 0-0 19. Ra3 b6 20. Qf4 bxc5 21. Bxc5 Bb7 22. Bd4 g5 23. Qe3 Qd6 24. Rb3 Rac8 25. Bxg7 Kxg7 26. Qd4+ f6 27. Ne4 Qb8 28. Nxf6 Rxf6 29. Rxe6 Ng8 30. c4 Qf4 31. Qb6 dxc4 32. Rxf6 Nxf6 33. Qxb7+ Rc7 0-1

[Event "Pan American-ch U20"]
[Site "San Salvador"]
[Date "2015.07.20"]
[Round "7"]
[White "Tang, Andrew"]
[Black "Chavez Estevez, Hayler David"]
[Result "1-0"]
[WhiteElo "2365"]
[BlackElo "2347"]
[PlyCount "41"]
[EventDate "2015.07.16"]
[EventType "swiss"]
[EventRounds "9"]
[EventCountry "ESA"]
[SourceTitle "EXT 2016"]
[Source "ChessBase"]
[SourceDate "2015.10.08"]
[SourceVersion "1"]
[SourceVersionDate "2015.10.08"]
[SourceQuality "1"]

1. d4 Nf6 2. c4 e6 3. Nf3 b6 4. g3 Bb7 5. Bg2 c5 6. d5 exd5 7. cxd5 Bxd5 8. Nc3 Bc6 9. e4 Be7 10. e5 Ne4 11. Nd5 d6 12. Nh4 Bxh4 13. Bxe4 Be7 14. Qf3 Qd7 15. Nxe7 Kxe7 16. Bg5+ Ke8 17. 0-0-0 f5 18. exf6 gxf6 19. Qxf6 Rf8 20. Bg6+ hxg6 21. Rhe1+ 1-0

[Event "Pan American-ch U20"]
[Site "San Salvador"]
[Date "2015.07.18"]
[Round "4"]
[White "Chavez Estevez, Hayler David"]
[Black "Hernandez Sanchez, Jairo Andres"]
[Result "1-0"]
[WhiteElo "2347"]
[BlackElo "2381"]
[PlyCount "91"]
[EventDate "2015.07.16"]
[EventType "swiss"]
[EventRounds "9"]
[EventCountry "ESA"]
[SourceTitle "EXT 2016"]
[Source "ChessBase"]
[SourceDate "2015.10.08"]
[SourceVersion "1"]
[SourceVersionDate "2015.10.08"]
[SourceQuality "1"]

1. e4 c5 2. Ne2 g6 3. g3 Bg7 4. Bg2 Nc6 5. Nbc3 e6 6. d3 Nge7 7. Be3 Nd4 8. Qd2 0-0 9. Nd1 f5 10. c3 Nxe2 11. Bxc5 d6 12. Be3 Nxc3 13. Nxc3 Bd7 14. 0-0 Rf7 15. exf5 Nxf5 16. Bxb7 Rb8 17. Bg2 d5 18. Bxa7 Rc8 19. d4 Qf6 20. Ne2 Bb5 21. Bc5 Rxc5 22. dxc5 Qxb2 23. Qxb2 Bxb2 24. Nf4 Bxf1 25. Rxf1 Re7 26. Nxe6 Nd4 27. Rb1 Nxe6 28. Rxb2 Nxc5 29. Bxd5+ Kg7 30. Rb5 Rc7 31. f4 Kf8 32. Kf2 Ke7 33. Ke3 Nd7 34. a4 Kd6 35. a5 Rc3+ 36. Kd4 Ra3 37. Bb7 Ra4+ 38. Kc3 Ra3+ 39. Kb4 Ra1 40. a6 Kc7 41. Ra5 Rb1+ 42. Kc3 Nb6 43. Be4 Re1 44. Kd3 Rd1+ 45. Ke2 Rd4 46. Bf3 1-0

[Event "Capablanca Memorial op-B 48th"]
[Site "Havana"]
[Date "2013.04.30"]
[Round "9"]
[White "Chavez Estevez, Hayler David"]
[Black "Rodriguez Rodriguez, Javier"]
[Result "1-0"]
[WhiteElo "2157"]
[BlackElo "1942"]
[PlyCount "107"]
[EventDate "2013.04.21"]
[EventType "swiss"]
[EventRounds "9"]
[EventCountry "CUB"]
[SourceTitle "CBM 154 Extra"]
[Source "ChessBase"]
[SourceDate "2013.06.25"]
[SourceVersion "2"]
[SourceVersionDate "2013.06.25"]
[SourceQuality "1"]

1. c4 Nf6 2. Nc3 g6 3. g3 Bg7 4. Bg2 0-0 5. d3 e5 6. a3 c6 7. e4 d6 8. Nge2 Be6 9. 0-0 d5 10. Qa4 Na6 11. cxd5 cxd5 12. Bg5 d4 13. Nd5 Bxd5 14. exd5 Nc7 15. f4 h6 16. Bh4 exf4 17. Bxf6 Bxf6 18. Nxf4 g5 19. Nh5 Bh8 20. Qb3 Rb8 21. Be4 Qd6 22. Rf5 Be5 23. Raf1 f6 24. Qd1 Nxd5 25. Qb3 Rbd8 26. Qxb7 Ne7 27. Qb3+ Kh8 28. R5f2 Rb8 29. Qa2 Rb6 30. Rf3 Qd7 31. Bf5 Qe8 32. g4 Nxf5 33. Rxf5 Qe7 34. Qd5 Rd8 35. Qg2 Rf8 36. Qe4 Kg8 37. R5f2 Qe8 38. b4 Qf7 39. Rc2 Qh7 40. Qd5+ Qf7 41. Qf3 Qg6 42. Rc5 Re6 43. a4 Re7 44. b5 Ref7 45. Rc6 Qh7 46. Re6 Qg6 47. a5 Rb8 48. b6 axb6 49. axb6 Rfb7 50. Nxf6+ Bxf6 51. Rxf6 Qg7 52. Qd5+ Kh8 53. Rf7 Rxf7 54. Rxf7 1-0